|
|
|
|
| LEADER |
00000nam a2200000 a 4500 |
| 001 |
vtls001376646 |
| 003 |
SK-MaSNL |
| 005 |
20260302034321.0 |
| 008 |
240226s1999 hu aa r 000 0 hun |
| 015 |
|
|
|a SNBZSA1999-00450
|
| 020 |
|
|
|a 9634461069
|
| 035 |
|
|
|a SNK000330581
|
| 035 |
|
|
|a urn:nbn:sk:snk-amk32q
|
| 035 |
|
|
|a urn:nbn:sk:snk-am0085af
|
| 035 |
|
|
|a C95476EF-2756-4FB6-913E-B3CBE0133010
|
| 040 |
|
|
|a SNK
|b slo
|c SNK
|e AACR2
|
| 041 |
0 |
|
|a hun
|
| 044 |
|
|
|a HU
|
| 080 |
|
|
|a 262.3(437.6+439)"1350/1358"=945.11
|2 1981
|
| 245 |
0 |
0 |
|a Monumenta Ecclesiae Strigoniensis
|n tomus 4
|b ab A. 1350, ad A. 1358
|c ad edendum praeparaverunt Gabriel Dreska ... [et. al.]
|
| 260 |
|
|
|a Strigonii
|b Archivum Primatiale
|a Budapestini
|b Argumentum
|c 1999
|
| 300 |
|
|
|a 272 s., [7] l. fotogr.
|b obr.
|c 29 cm
|
| 504 |
|
|
|a Bibliogr. Reg. Skrat.
|
| 610 |
2 |
7 |
|a Ostrihomské arcibiskupstvo ( Maďarsko a Slovensko)
|x dejiny
|y 1350-1358
|x dokumenty
|2 SNK
|9 685736
|
| 655 |
|
7 |
|a príručky
|2 SNK
|9 74364
|
| 700 |
1 |
|
|a Dreska, Gabriel
|4 com
|9 685737
|
| 700 |
1 |
|
|a rszegi, Geysa
|4 com
|9 685738
|
| 700 |
1 |
|
|a Hegedűs, Andreas
|4 com
|9 685739
|
| 700 |
1 |
|
|a Neumann, Tiburcius
|4 com
|9 685740
|
| 700 |
1 |
|
|a Szovák, Cornelius
|4 com
|9 685741
|
| 700 |
1 |
|
|a Tringli, Stephanus
|4 com
|9 685742
|
| 919 |
|
|
|a 963-446-106-9
|
| 958 |
|
|
|a ZS
|
| 958 |
|
|
|a TL
|
| 958 |
|
|
|a NT
|
| 958 |
|
|
|a NB
|
| 958 |
|
|
|a HU
|
| 999 |
|
|
|c 1065752
|d 1067682
|
| 952 |
|
|
|t P60, <03>, [BOOK], {603}
|a SNK
|b SNK
|y PREZ
|7 0
|p 17A0224266
|o snkSB 3875/4
|i snkV 26/2000
|0 0
|1 0
|4 0
|d 2000-01-21
|f 1
|l 0
|r 2025-02-14 00:00:00
|w 2026-02-24
|